000 00498nam a2200193Ia 4500
008 151119s9999||||xx |||||||||||||| ||und||
082 _a823.91
082 _bGKKV5302
100 _aडी जीझस
245 _aकाळोखाची लेक
260 _a--
260 _b--
260 _c0
600 _aडी जीझस
630 _aकाळोखाची लेक
700 _aडी जीझस
730 _aकाळोखाची लेक
942 _cBOOK
999 _c1060363
_d1060360